Statistics for Harry Potter Magical Creatures

Click here to take the quiz!

General Stats

  • This quiz has been taken 924 times
  • The average score is 15 of 25

Answer Stats

Hint Answer % Correct
Soulless creatures who drain humans of happinessdementors
94%
Small elves used by wizards as slaveshouse elves
93%
Half-human, half-horsecentaur
90%
Magical creatures involved with metal work and the running of Gringotts bankgoblins
86%
A monstrous snake with a deadly gaze that kills whatever it makes eye contact with.basilisk
86%
A creature who becomes a wolf on the night of the full moonwerewolf
82%
A shapeshifting being that can transform into a person's worst fearboggart
81%
A bird that is reborn from its ashesphoenix
81%
A creature with a long horn and magical hairunicorn
79%
A strong, stupid creaturetroll
77%
A creature that is part-eagle, part-horsehippogriff
73%
A creature that is the result of a union between a human and a gianthalf-giant
71%
Part-humans whose looks and dances are magically seductive to most malesveela
66%
Known to infest the gardens of wizarding householdsgnome
61%
Winged horses that are only visible to those who've seen someone diethestral
59%
A huge creature that lives in the Black Lake near Hogwartsgiant squid
55%
A giant spideracromantula
49%
A small human-like creature with insect wingsfairy
41%
A treasure-hunting creature with a long snoutniffler
36%
A creature that is part-eagle, part-liongriffin
34%
A small horned water demon with octopus tentacles for legsgrindylow
32%
The result of a union between a Manticore and a Fire Crab.blast ended skrewt
32%
An insect-eating, tree-dwelling wooden creature that is hard to spotbowtruckle
24%
A creature that resembles a hedgehogknarl
9%
Used as a guardian for the sorcerers stonethree headed dog
8%

Score Distribution

Percentile by Number Answered

Percent of People with Each Score

Your Score History

You have not taken this quiz